[Event "Warsaw Najdorf Memorial op-A"]
[Site "Warsaw"]
[Date "2023.07.15"]
[Round "5"]
[White "Gorkiewicz, Mateusz"]
[Black "Smetek, Michal"]
[Result "0-1"]
[WhiteElo "2122"]
[BlackElo "1943"]
[PlyCount "162"]
[EventDate "2023.07.11"]
[EventType "swiss"]
[EventRounds "9"]
[EventCountry "POL"]
[SourceTitle "EXT 2024"]
[Source "ChessBase"]
[SourceDate "2023.10.10"]
[SourceVersion "1"]
[SourceVersionDate "2023.10.10"]
[SourceQuality "1"]

1. e4 e6 2. d4 d5 3. Nc3 dxe4 4. Nxe4 Nd7 5. Nf3 Ngf6 6. Nxf6+ Nxf6 7. c3 Be7 8. Bd3 0-0 9. 0-0 b6 10. h3 Bb7 11. Bf4 c5 12. dxc5 Bxc5 13. Qe2 Bd6 14. Bg5 Qc7 15. Nd4 Be7 16. Bh4 a6 17. Rad1 Nd5 18. Bg3 Qc5 19. Rfe1 Rfe8 20. Be4 Rac8 21. Be5 Bf8 22. Nb3 Qb5 23. Qxb5 axb5 24. a3 Bc5 25. Bd3 Bc6 26. Nd4 Bxd4 27. Bxd4 f6 28. f3 Kf7 29. Rc1 Red8 30. Red1 Nf4 31. Bf1 Rb8 32. Bf2 Nd5 33. h4 Ke7 34. Bd3 Nf4 35. Bf1 Nd5 36. Rd4 e5 37. Rdd1 Nf4 38. b3 Ne6 39. Rxd8 Kxd8 40. Bd3 Nf4 41. Bf1 Ne6 42. c4 bxc4 43. Bxc4 Bd7 44. Kf1 b5 45. Bd5 Nf4 46. Ba7 Rc8 47. Bb6+ Ke7 48. Rxc8 Bxc8 49. Bc5+ Ke8 50. Be4 Ne6 51. Be3 h6 52. Ke2 Kd7 53. Kd3 Kd6 54. Kc3 Nc5 55. Bc2 Na6 56. Bd3 Kc6 57. Bg6 Nc7 58. Bd2 Nd5+ 59. Kd3 Kc5 60. g3 Be6 61. Be1 Kd6 62. Ke2 f5 63. b4 Nb6 64. Bd2 Nc4 65. Bc1 Ke7 66. Kd3 e4+ 67. Kd4 exf3 68. Bh5 f2 69. Be2 f4 70. Bf1 fxg3 71. Bf4 Nd6 72. Bxg3 Nf5+ 73. Kc5 Nxg3 74. Bxb5 f1Q 75. Bxf1 Nxf1 76. a4 Kd7 77. Kb6 g5 78. hxg5 hxg5 79. Ka7 Ne3 80. a5 Bc4 81. a6 Nd5 0-1

[Event "POL-ch U18"]
[Site "Jastrzebia Gora"]
[Date "2023.??.??"]
[Round "6"]
[White "Czernek, Tymon"]
[Black "Smetek, Michal"]
[Result "1-0"]
[WhiteElo "2314"]
[BlackElo "1787"]
[PlyCount "72"]
[EventDate "2023.03.11"]
[EventType "swiss"]
[EventRounds "9"]
[EventCountry "POL"]
[SourceTitle "CBM 213 Extra"]
[Source "ChessBase"]
[SourceDate "2023.05.31"]
[SourceVersion "1"]
[SourceVersionDate "2023.05.31"]
[SourceQuality "1"]

1. e4 c6 2. d4 d5 3. f3 e6 4. Nc3 Bb4 5. Bd2 Ne7 6. Bd3 Nd7 7. Nce2 Bxd2+ 8. Qxd2 a5 9. e5 b6 10. f4 Ba6 11. Bxa6 Rxa6 12. Nf3 b5 13. g4 h5 14. gxh5 Rxh5 15. Ng3 Rh8 16. 0-0-0 Qb6 17. f5 exf5 18. Qf4 g6 19. h4 Nf8 20. Ng5 c5 21. h5 Ne6 22. Nxe6 Qxe6 23. hxg6 Rxh1 24. gxf7+ Qxf7 25. Rxh1 Rg6 26. Nh5 Kd7 27. Qd2 b4 28. Nf4 c4 29. Nxg6 Qxg6 30. Qh6 Qxh6+ 31. Rxh6 c3 32. bxc3 bxc3 33. Kd1 Kc7 34. Ke2 Nc6 35. Rxc6+ Kxc6 36. Ke3 Kd7 1-0